Statistics for Biggest Companies by Market Cap-Top 10

Click here to take the quiz!

General Stats

  • This quiz has been taken 62 times
  • The average score is 7 of 10

Answer Stats

CountryMarket CapCompanySector (Industry)% Correct
USA2.43 TrillionAppleTechnology
98%
USA1.92 TrillionMicrosoftTechnology
92%
USA1.16 TrillionAmazonConsumer Discretionary
88%
Saudi Arabia2.16 TrillionSaudi AramcoEnergy
86%
USA1.48 TrillionAlphabet (Google)Technology
82%
USA746 BillionTeslaConsumer Discretionary
72%
USA446 BillionMeta Platforms (Facebook)Technology
62%
USA615 BillionBerkshire HathawayFinancials
50%
USA497 BillionUnitedHealthHealth Care
36%
USA469 BillionJohnson & JohnsonHealth Care
32%

Score Distribution

Percentile by Number Answered

Percent of People with Each Score

Your Score History

You have not taken this quiz